| 000 | 00476pab a2200181 454500 | ||
|---|---|---|---|
| 008 | 180718b2002 xxu||||| |||| 00| 0 eng d | ||
| 100 | _aThiruvengadam, A.T. | ||
| 245 | _aDecline of basics of good governance | ||
| 260 | _c2002 | ||
| 300 | _ap.M-2. | ||
| 362 | _a5 Mar | ||
| 650 | _aIndia - Politics and government | ||
| 650 | _aCivil service - India | ||
| 650 | _aPublic administration - India | ||
| 650 | _aPublic administration | ||
| 773 | _aHindu | ||
| 909 | _a52735 | ||
| 999 |
_c52735 _d52735 |
||